000 01027nam0a22002651 4500
001 rc\4648710
005 20130416202052.6
021 _aRU
_b[65-28295]
035 _a(NLR Aleph) 008690125
090 _a9233450
_c9233450
100 _a20130416d1965 |||y0rusy50 ca
101 0 _arus
102 _aRU
105 _aa z |||||
200 1 _aКурс - на долговечность
_e[Работа парт. организации Яросл. моторного завода]
210 _aЯрославль
_cВерх.-Волж. кн. изд-во
_d1965
215 _a63 с.
_cил.
_d20
606 _aДвигателестроительные заводы
_yЯрославль
_2psbo
606 _aПартийные организации и их работа на предприятии
_yЯрославская область
_2psbo
700 1 _aСоколов
_bЛ. Г.
_gЛев Геннадиевич
801 0 _aRU
_bNLR
_gpsbo
801 1 _aRU
_bELAR
_2rusmarc
852 _aNLR
_j65-4/6219
942 _cBOOK
980 _aNB